[Event "RSA-ch U16 Girls"]
[Site "Bloemfontein"]
[Date "2016.03.24"]
[Round "8"]
[White "Ndaba, Sharon"]
[Black "Hoffman, Elize"]
[Result "1/2-1/2"]
[WhiteElo "1188"]
[BlackElo "1099"]
[PlyCount "70"]
[EventDate "2016.03.20"]
[EventType "swiss"]
[EventRounds "11"]
[EventCountry "RSA"]
[SourceTitle "CBM 171 Extra"]
[Source "ChessBase"]
[SourceDate "2016.04.26"]
[SourceVersion "1"]
[SourceVersionDate "2016.04.26"]
[SourceQuality "1"]

1. d4 d5 2. e3 Bf5 3. Nf3 Nc6 4. Bb5 a6 5. Bxc6+ bxc6 6. 0-0 e6 7. Ne5 Qd6 8. f4 Nf6 9. Nd2 c5 10. c3 cxd4 11. exd4 Be7 12. Qa4+ Nd7 13. Nb3 Bc2 14. Rf2 Bxb3 15. axb3 f6 16. Nxd7 Qxd7 17. Qxd7+ Kxd7 18. Be3 Rhb8 19. b4 c6 20. Rff1 Bd6 21. g3 Kc7 22. Kg2 Kb7 23. Rfc1 e5 24. fxe5 fxe5 25. Rf1 Rf8 26. Rxf8 Rxf8 27. Rf1 Rxf1 28. Kxf1 Kc7 29. Kf2 e4 30. Kg2 Kd7 31. Kh3 Ke6 32. Kg4 Kf6 33. Kh5 Kf7 34. Kg4 Kf6 35. Bg5+ Kg6 1/2-1/2

[Event "RSA-ch U16 Girls"]
[Site "Bloemfontein"]
[Date "2016.03.21"]
[Round "3"]
[White "Mabitsela, Mirinda"]
[Black "Ndaba, Sharon"]
[Result "1-0"]
[WhiteElo "1028"]
[BlackElo "1188"]
[PlyCount "135"]
[EventDate "2016.03.20"]
[EventType "swiss"]
[EventRounds "11"]
[EventCountry "RSA"]
[SourceTitle "CBM 171 Extra"]
[Source "ChessBase"]
[SourceDate "2016.04.26"]
[SourceVersion "1"]
[SourceVersionDate "2016.04.26"]
[SourceQuality "1"]

1. e4 e5 2. Nf3 Nf6 3. Nc3 d6 4. Bc4 Be7 5. d3 h6 6. Be3 0-0 7. h3 Nbd7 8. Qd2 c6 9. Nh4 Nxe4 10. Nxe4 Bxh4 11. Nxd6 Nb6 12. Nxf7 Rxf7 13. Bxf7+ Kxf7 14. g3 Bg5 15. Bxg5 Qxg5 16. Qxg5 hxg5 17. 0-0-0 Be6 18. b3 Nd5 19. h4 g4 20. Rde1 Kf6 21. h5 Rh8 22. Re4 Nc3 23. Re3 c5 24. Kb2 Bd5 25. Rg1 Nb5 26. c4 Bf3 27. cxb5 Rxh5 28. a4 b6 29. Kc3 Ke6 30. b4 cxb4+ 31. Kxb4 Kd5 32. Rc1 Kd6 33. a5 Rh6 34. Rc8 Rh1 35. axb6 axb6 36. Rd8+ Kc7 37. Rg8 Rb1+ 38. Kc4 Rc1+ 39. Kb3 Rb1+ 40. Ka4 Ra1+ 41. Kb3 Rb1+ 42. Kc2 Rxb5 43. Rxg7+ Kd6 44. Re1 Rc5+ 45. Kd2 Rb5 46. Rg6+ Kd7 47. Ra1 Ra5 48. Rxa5 bxa5 49. Ra6 a4 50. Rxa4 Kd6 51. d4 exd4 52. Rxd4+ Ke5 53. Ke3 Kf5 54. Rf4+ Ke5 55. Rxf3 gxf3 56. Kxf3 Kf5 57. g4+ Kg5 58. Kg3 Kg6 59. Kh4 Kh6 60. f4 Kg6 61. f5+ Kh6 62. g5+ Kg7 63. Kh5 Kh7 64. f6 Kg8 65. Kh6 Kf7 66. g6+ Kg8 67. f7+ Kf8 68. Kh7 1-0